000 00600nam a2200193Ia 4500
008 090123s9999 xx 000 0 und d
082 _b43096
100 _aओशो
245 _aव्यस्त जीवनात ईश्वराचा शोध
250 _a1
260 _c2008
300 _a162
600 _aओशो
630 _aव्यस्त जीवनात ईश्वराचा शोध
700 _aओशो
700 _aमांडे अरुण
730 _aव्यस्त जीवनात ईश्वराचा शोध
942 _cBOOK
999 _c81153
_d81153